[Event "Gold Coast op"]
[Site "Gold Coast"]
[Date "2019.06.30"]
[Round "7"]
[White "Benet Catala, Antonio"]
[Black "Goh, Sean Christian"]
[Result "1/2-1/2"]
[WhiteElo "2155"]
[BlackElo "1981"]
[PlyCount "53"]
[EventDate "2019.06.27"]
[EventType "swiss"]
[EventRounds "9"]
[EventCountry "AUS"]
[SourceTitle "CBM 191 Extra"]
[Source "ChessBase"]
[SourceDate "2019.09.30"]
[SourceVersion "1"]
[SourceVersionDate "2019.09.30"]
[SourceQuality "1"]

1. e4 e5 2. Nf3 Nc6 3. Nc3 Nf6 4. Bb5 d6 5. d4 exd4 6. Nxd4 Bd7 7. Bxc6 bxc6 8. 0-0 Be7 9. Qd3 c5 10. Nf3 Bc6 11. Re1 0-0 12. Bd2 Nd7 13. Nd5 Bxd5 14. exd5 Bf6 15. Bc3 Bxc3 16. Qxc3 Qf6 17. Qxf6 Nxf6 18. c4 Rfe8 19. Nd2 Ng4 20. h3 Ne5 21. Re3 Kf8 22. Kf1 Rab8 23. Rb1 Nd7 24. Ra3 Rb7 25. Nb3 Ne5 26. Na5 Rb4 27. b3 1/2-1/2

[Event "Gold Coast op"]
[Site "Gold Coast"]
[Date "2019.06.27"]
[Round "1"]
[White "Izzat, Kanan Azar"]
[Black "Goh, Sean Christian"]
[Result "1-0"]
[WhiteElo "2481"]
[BlackElo "1981"]
[PlyCount "63"]
[EventDate "2019.06.27"]
[EventType "swiss"]
[EventRounds "9"]
[EventCountry "AUS"]
[SourceTitle "CBM 191 Extra"]
[Source "ChessBase"]
[SourceDate "2019.09.30"]
[SourceVersion "1"]
[SourceVersionDate "2019.09.30"]
[SourceQuality "1"]

1. d4 d5 2. c4 e6 3. Nf3 c6 4. Nc3 dxc4 5. a4 Bb4 6. e4 b5 7. Bd2 a5 8. axb5 Bxc3 9. Bxc3 cxb5 10. b3 Bb7 11. d5 Nf6 12. bxc4 Nxe4 13. Bxg7 Rg8 14. Qd4 exd5 15. cxb5 Qe7 16. Be2 f6 17. Bh6 Rxg2 18. Nh4 Rxf2 19. Bh5+ Kd7 20. Be3 Rc2 21. Rg1 Rc4 22. Qb6 Nd6 23. Bg4+ Ke8 24. Kf1 Re4 25. Bh5+ Kd7 26. Rc1 Rc4 27. Rxc4 dxc4 28. Bf4 Be4 29. Rg8 Bd3+ 30. Kf2 f5 31. Bxd6 Qxh4+ 32. Bg3 1-0

[Event "Doeberl Cup 57th"]
[Site "Canberra"]
[Date "2019.04.18"]
[Round "1"]
[White "Goh, Sean Christian"]
[Black "Smirnov, Anton"]
[Result "0-1"]
[WhiteElo "2064"]
[BlackElo "2567"]
[PlyCount "74"]
[EventDate "2019.04.18"]
[EventType "swiss"]
[EventRounds "9"]
[EventCountry "AUS"]
[SourceTitle "CBM 189 Extra"]
[Source "ChessBase"]
[SourceDate "2019.06.03"]
[SourceVersion "1"]
[SourceVersionDate "2019.06.03"]
[SourceQuality "1"]

1. d4 Nf6 2. c4 e6 3. Nf3 d5 4. g3 Bb4+ 5. Bd2 Be7 6. Bg2 Nbd7 7. Nc3 Ne4 8. cxd5 Nxc3 9. Bxc3 exd5 10. 0-0 0-0 11. Ne5 Nf6 12. Rc1 a5 13. Qd2 c6 14. b3 Bf5 15. Qb2 Ne4 16. a3 Nd6 17. Ra1 Re8 18. a4 f6 19. Nd3 Be4 20. b4 axb4 21. Bxb4 Nc4 22. Qc3 Bxb4 23. Qxb4 Bxd3 24. exd3 Nd6 25. Rfc1 Qd7 26. Qc5 f5 27. a5 f4 28. a6 bxa6 29. Qxc6 Re1+ 30. Rxe1 Qxc6 31. Rac1 Qb7 32. Rc5 Kf8 33. Rxd5 Qb4 34. Ra1 Re8 35. gxf4 Re1+ 36. Rxe1 Qxe1+ 37. Bf1 Qb4 0-1

[Event "Auckland Trusts op 41st"]
[Site "Auckland"]
[Date "2018.06.04"]
[Round "6"]
[White "Ang, Alphaeus Wei Ern"]
[Black "Goh, Sean Christian"]
[Result "1/2-1/2"]
[WhiteElo "2356"]
[BlackElo "2001"]
[PlyCount "84"]
[EventDate "2018.06.02"]
[EventType "swiss"]
[EventRounds "6"]
[EventCountry "NZL"]
[SourceTitle "EXT 2019"]
[Source "ChessBase"]
[SourceDate "2018.10.10"]
[SourceVersion "1"]
[SourceVersionDate "2018.10.10"]
[SourceQuality "1"]

1. d4 d5 2. c4 e6 3. Nc3 c6 4. e3 Bd6 5. Nf3 f5 6. Bd3 Nf6 7. Qc2 Ne4 8. h4 Nd7 9. g4 Ndf6 10. gxf5 exf5 11. cxd5 cxd5 12. Qb3 Rb8 13. Bd2 Be7 14. Ne5 Nxd2 15. Kxd2 0-0 16. Nc6 bxc6 17. Qxb8 Ne4+ 18. Bxe4 fxe4 19. Qg3 Rf3 20. Qh2 Bh3 21. Rac1 Bd6 22. Qg1 Qxh4 23. Nd1 Qf6 24. Kc2 Bd7 25. Kb1 h6 26. Qf1 Bg3 27. Qa6 Bxf2 28. Qxa7 Be8 29. Nxf2 Rxf2 30. Qb8 Kf7 31. a4 Qf3 32. Qc7+ Kg8 33. Qd8 Kf7 34. Qc7+ Kg8 35. Qb8 Kf7 36. Rcg1 Qe2 37. Qc7+ Ke6 38. Qe5+ Kd7 39. Qxg7+ Kd8 40. Qb7 Qc2+ 41. Ka1 Qxa4+ 42. Kb1 Qc2+ 1/2-1/2

[Event "Auckland Trusts op 41st"]
[Site "Auckland"]
[Date "2018.06.04"]
[Round "5"]
[White "Goh, Sean Christian"]
[Black "Duneas, John"]
[Result "1/2-1/2"]
[WhiteElo "2001"]
[BlackElo "2146"]
[PlyCount "71"]
[EventDate "2018.06.02"]
[EventType "swiss"]
[EventRounds "6"]
[EventCountry "NZL"]
[SourceTitle "EXT 2019"]
[Source "ChessBase"]
[SourceDate "2018.10.10"]
[SourceVersion "1"]
[SourceVersionDate "2018.10.10"]
[SourceQuality "1"]

1. d4 d5 2. c4 c6 3. Nc3 Nf6 4. cxd5 cxd5 5. Bf4 Nc6 6. e3 e6 7. Nf3 Bd6 8. Bd3 Bxf4 9. exf4 0-0 10. 0-0 Bd7 11. Bb1 Na5 12. Ne5 Rc8 13. Bd3 a6 14. Rc1 Nc4 15. Qe2 b5 16. b3 Nd6 17. Rfe1 g6 18. Nb1 Qb6 19. Qb2 b4 20. a4 bxa3 21. Nxa3 Rb8 22. Nb1 Bb5 23. Bxb5 Qxb5 24. Nd2 Rfc8 25. h3 Nfe4 26. Nxe4 Nxe4 27. f3 Nd6 28. Rxc8+ Rxc8 29. Rc1 Rxc1+ 30. Qxc1 Qxb3 31. Qc5 Qe3+ 32. Kh1 Nf5 33. Nd7 Ng3+ 34. Kh2 Nf1+ 35. Kh1 Ng3+ 36. Kh2 1/2-1/2

[Event "Auckland Trusts op 41st"]
[Site "Auckland"]
[Date "2018.06.03"]
[Round "3"]
[White "Goh, Sean Christian"]
[Black "Bennett, Hilton Petrie"]
[Result "1-0"]
[WhiteElo "2001"]
[BlackElo "2117"]
[PlyCount "139"]
[EventDate "2018.06.02"]
[EventType "swiss"]
[EventRounds "6"]
[EventCountry "NZL"]
[SourceTitle "EXT 2019"]
[Source "ChessBase"]
[SourceDate "2018.10.10"]
[SourceVersion "1"]
[SourceVersionDate "2018.10.10"]
[SourceQuality "1"]

1. d4 d6 2. Nf3 g6 3. c4 Bg7 4. e3 Nf6 5. Be2 0-0 6. Nc3 Nbd7 7. 0-0 Re8 8. Qc2 e5 9. Rd1 e4 10. Nd2 Qe7 11. b4 Nf8 12. a4 h5 13. b5 Bf5 14. Ba3 Ne6 15. Nb3 h4 16. c5 h3 17. g3 Ng5 18. Na5 Bg4 19. Nd5 Qd7 20. Nxf6+ Bxf6 21. Nxb7 d5 22. Ra2 Qf5 23. Bxg4 Qxg4 24. Qe2 Nf3+ 25. Kh1 Bg5 26. c6 f5 27. Bc1 Rf8 28. Nc5 f4 29. exf4 Bxf4 30. Bxf4 Rxf4 31. Nd7 Rf5 32. a5 Re8 33. b6 axb6 34. axb6 cxb6 35. c7 Rf7 36. Nxb6 Rxc7 37. Nxd5 Rf7 38. Ra6 Qg5 39. Qc4 Kg7 40. Nc7 Rxc7 41. Qxc7+ Re7 42. Qc3 Qd5 43. Ra5 Qf7 44. d5+ Kh7 45. Ra8 Ne5 46. f4 exf3 47. Kg1 f2+ 48. Kf1 Qf5 49. Qd4 g5 50. Qxf2 Qd7 51. Qc2+ Kg7 52. Ra2 Rf7+ 53. Kg1 Nf3+ 54. Kh1 Qg4 55. Qc3+ Nd4 56. Qe1 Qf3+ 57. Kg1 Qxd5 58. Qc3 Qxa2 59. Qxd4+ Kg6 60. Qe4+ Kg7 61. Qe5+ Kg6 62. Rd6+ Kh5 63. Qh8+ Kg4 64. Qc8+ Rf5 65. Rd4+ Kh5 66. Qh8+ Kg6 67. Rd6+ Kf7 68. Qh7+ Ke8 69. Qd7+ Kf8 70. Qxf5+ 1-0

[Event "Doeberl Cup 56th"]
[Site "Canberra"]
[Date "2018.03.31"]
[Round "6"]
[White "Goh, Sean Christian"]
[Black "Prasad, Lalit"]
[Result "0-1"]
[WhiteElo "1837"]
[BlackElo "1986"]
[PlyCount "70"]
[EventDate "2018.03.29"]
[EventType "swiss"]
[EventRounds "9"]
[EventCountry "AUS"]
[SourceTitle "EXT 2023"]
[Source "ChessBase"]
[SourceDate "2022.10.05"]
[SourceVersion "1"]
[SourceVersionDate "2022.10.05"]
[SourceQuality "1"]

1. d4 Nf6 2. c4 g6 3. Nf3 Bg7 4. e3 0-0 5. Be2 d6 6. Nc3 c6 7. 0-0 a6 8. a4 a5 9. Bd2 Re8 10. Na2 e5 11. b4 e4 12. Ne1 axb4 13. Nxb4 c5 14. Na2 Nc6 15. d5 Ne5 16. Rb1 h5 17. Nc3 h4 18. f3 exf3 19. Nxf3 Neg4 20. e4 Nxe4 21. Nxe4 Rxe4 22. Ng5 Ne3 23. Bxe3 Rxe3 24. Nxf7 Qe7 25. Bd3 Bf5 26. Bxf5 gxf5 27. Rxf5 Rf8 28. Nxd6 Qxd6 29. Rxf8+ Qxf8 30. Rxb7 Qe8 31. Rb1 Re2 32. Qf1 Bd4+ 33. Kh1 h3 34. Rb8 Qxb8 35. Qxe2 Qb1+ 0-1

[Event "Doeberl Cup 56th"]
[Site "Canberra"]
[Date "2018.03.30"]
[Round "4"]
[White "Goh, Sean Christian"]
[Black "Lane, Gary William"]
[Result "0-1"]
[WhiteElo "1837"]
[BlackElo "2385"]
[PlyCount "138"]
[EventDate "2018.03.29"]
[EventType "swiss"]
[EventRounds "9"]
[EventCountry "AUS"]
[SourceTitle "CBM 187 Extra"]
[Source "ChessBase"]
[SourceDate "2018.11.04"]
[SourceVersion "1"]
[SourceVersionDate "2018.11.04"]
[SourceQuality "1"]

1. d4 d5 2. c4 dxc4 3. e3 e5 4. Bxc4 Nc6 5. Nf3 e4 6. Nfd2 Qg5 7. Rg1 Nf6 8. Nc3 Bb4 9. a3 Bxc3 10. bxc3 0-0 11. a4 Na5 12. Ba3 Re8 13. Qc2 Ng4 14. Be2 Qh4 15. Bxg4 Bxg4 16. h3 Bd7 17. Bb4 Nc6 18. Nb3 b6 19. Ba3 a5 20. Nd2 f5 21. Nc4 Be6 22. Nb2 Rab8 23. c4 Nb4 24. Bxb4 axb4 25. d5 Bd7 26. Qb3 Qe7 27. 0-0-0 Qd6 28. f4 exf3 29. gxf3 Ra8 30. Rg2 Qc5 31. Re1 b5 32. Nd3 Qxc4+ 33. Qxc4 bxc4 34. Nxb4 Rxa4 35. Nc2 Ra2 36. Ree2 Rb8 37. Nd4 Ra1+ 38. Kd2 Ra3 39. Ke1 g6 40. Kf2 Rd3 41. Kg3 Kf7 42. Kf4 Kf6 43. Nc2 h6 44. h4 Rxd5 45. e4 fxe4 46. fxe4 g5+ 47. hxg5+ hxg5+ 48. Kf3 Rd3+ 49. Kf2 Kg6 50. Ne3 c3 51. Nd5 Rf8+ 52. Ke1 Ba4 53. Ne3 Re8 54. Rg4 Rd4 55. Reg2 Re5 56. Rg1 Rdxe4 57. Rxe4 Rxe4 58. Ke2 Rd4 59. Ng4 c2 60. Ne5+ Kf5 61. Nf3 Rd1 62. Rxg5+ Kf4 63. Rc5 c1Q 64. Rxc1 Rxc1 65. Ne1 Bb5+ 66. Kd2 Ra1 67. Nc2 Ra2 68. Kc3 c5 69. Kb3 Rxc2 0-1

[Event "Doeberl Cup 55th"]
[Site "Canberra"]
[Date "2017.04.14"]
[Round "4"]
[White "Goh, Sean Christian"]
[Black "Zhao, Zong Yuan"]
[Result "0-1"]
[WhiteElo "1916"]
[BlackElo "2539"]
[PlyCount "118"]
[EventDate "2017.04.13"]
[EventType "swiss"]
[EventRounds "9"]
[EventCountry "AUS"]
[SourceTitle "CBM 177 Extra"]
[Source "ChessBase"]
[SourceDate "2017.04.27"]
[SourceVersion "1"]
[SourceVersionDate "2017.04.27"]
[SourceQuality "1"]

1. d4 c5 2. e3 Nf6 3. Nf3 g6 4. Bd3 Bg7 5. Nbd2 0-0 6. b3 d5 7. Bb2 b6 8. 0-0 Bb7 9. Ne5 Nbd7 10. f4 Qc7 11. Ndf3 Ne4 12. Nxd7 Qxd7 13. Bxe4 dxe4 14. Ne5 Qc7 15. Qe2 cxd4 16. exd4 Rad8 17. Rad1 e6 18. c4 f6 19. Ng4 Rd7 20. Qf2 f5 21. Ne5 Bxe5 22. dxe5 Rfd8 23. Bd4 Bc6 24. Rd2 b5 25. c5 b4 26. Rfd1 Bb5 27. Be3 Rd3 28. Rxd3 exd3 29. Qh4 Rf8 30. Qf2 a5 31. Qd2 Qc6 32. Qf2 Qd7 33. Qh4 a4 34. bxa4 Bxa4 35. Rd2 Bc2 36. Qe1 Qd5 37. Rf2 Rb8 38. Qd2 Qxa2 39. Qxd3 Bxd3 40. Rxa2 b3 41. Rb2 Bc2 42. Kf2 Kf7 43. Bd4 Rb4 44. Ke3 Rc4 45. g3 Ke8 46. c6 Rxc6 47. Kd2 Rc4 48. Bc3 Re4 49. Ba5 Kd7 50. Bb6 Kc6 51. Ba7 Kd5 52. Bb6 Ra4 53. Ke3 Kc4 54. Bd4 Ra6 55. h3 h6 56. g4 fxg4 57. hxg4 h5 58. gxh5 gxh5 59. f5 exf5 0-1

[Event "Penang op 8th"]
[Site "Penang"]
[Date "2016.12.09"]
[Round "8"]
[White "Wika, Hardiyanto"]
[Black "Goh, Sean Christian"]
[Result "1-0"]
[WhiteElo "2071"]
[BlackElo "1921"]
[PlyCount "99"]
[EventDate "2016.12.05"]
[EventType "swiss"]
[EventRounds "9"]
[EventCountry "MAS"]
[SourceTitle "CBM 176 Extra"]
[Source "ChessBase"]
[SourceDate "2017.03.02"]
[SourceVersion "1"]
[SourceVersionDate "2017.03.02"]
[SourceQuality "1"]

1. d4 d5 2. c4 e6 3. Nc3 Nf6 4. Bg5 c6 5. cxd5 exd5 6. e3 Be7 7. Bd3 Ne4 8. Bxe7 Qxe7 9. Nge2 Nd7 10. 0-0 0-0 11. Rc1 Ndf6 12. Qc2 Bd7 13. Ng3 Rfe8 14. Rfe1 h6 15. Qb1 Rac8 16. b4 Nxf2 17. Kxf2 Ng4+ 18. Kg1 Qh4 19. Nf1 Qf2+ 20. Kh1 Nxe3 21. Rxe3 Rxe3 22. Nd1 Qf4 23. Ndxe3 Qxd4 24. Bf5 Bxf5 25. Nxf5 Qf6 26. Re1 Rd8 27. N1g3 Qg5 28. Qc1 Qf6 29. Qa1 d4 30. Rf1 Qe5 31. Qe1 Qb5 32. Qe7 Rf8 33. Nxd4 Qc4 34. Ndf5 h5 35. Qc5 Qxc5 36. bxc5 g6 37. Nd6 b6 38. cxb6 axb6 39. Rc1 c5 40. Rb1 Ra8 41. Rb2 Kf8 42. Kg1 Ke7 43. Nc4 b5 44. Rxb5 Rxa2 45. Rxc5 h4 46. Ne4 f5 47. Ng5 Kf6 48. Nf3 Ra6 49. Kf2 Ra2+ 50. Kf1 1-0

[Event "Asia-chT Cup U14"]
[Site "Jiaxing"]
[Date "2016.11.11"]
[Round "9.8"]
[White "Huang, Renjie"]
[Black "Goh, Sean Christian"]
[Result "1-0"]
[WhiteElo "2084"]
[BlackElo "1949"]
[PlyCount "109"]
[EventDate "2016.11.06"]
[EventType "swiss"]
[EventRounds "9"]
[EventCountry "CHN"]
[SourceTitle "EXT 2021"]
[Source "ChessBase"]
[SourceDate "2020.10.23"]
[SourceVersion "1"]
[SourceVersionDate "2020.10.23"]
[SourceQuality "1"]

1. e4 e5 2. Nf3 Nf6 3. Nc3 Nc6 4. Bb5 Bc5 5. 0-0 d6 6. d4 exd4 7. Nxd4 Bd7 8. Bxc6 bxc6 9. Bg5 h6 10. Bh4 g5 11. Bg3 h5 12. h4 Rg8 13. Re1 gxh4 14. Bxh4 Rg4 15. e5 Rxh4 16. exf6+ Kf8 17. Ne4 Rxe4 18. Rxe4 Qxf6 19. c3 Qg6 20. Re3 h4 21. Qf3 d5 22. Qe2 Bd6 23. Qd3 h3 24. Qxg6 h2+ 25. Kh1 fxg6 26. g3 Kf7 27. Kxh2 c5 28. Nf3 Bc6 29. Rd1 Rb8 30. b3 a5 31. Kg2 a4 32. bxa4 d4 33. cxd4 cxd4 34. Rxd4 Rb2 35. Kh3 Rxa2 36. Ne5+ Bxe5 37. Rxe5 Rxa4 38. Rxa4 Bxa4 39. Rc5 Bd7+ 40. Kh4 c6 41. Kg5 Be8 42. f4 Kg7 43. g4 Kf7 44. Ra5 Ke6 45. Re5+ Kf7 46. Rxe8 Kxe8 47. Kxg6 Ke7 48. Kf5 Kd6 49. Ke4 c5 50. g5 Ke6 51. f5+ Kf7 52. g6+ Kg7 53. Kd5 Kf8 54. f6 Ke8 55. Kxc5 1-0

[Event "Asia-chT Cup U14"]
[Site "Jiaxing"]
[Date "2016.11.11"]
[Round "8.19"]
[White "Sadnan Hasan, Dihan"]
[Black "Goh, Sean Christian"]
[Result "1-0"]
[WhiteElo "1431"]
[BlackElo "1949"]
[PlyCount "146"]
[EventDate "2016.11.06"]
[EventType "swiss"]
[EventRounds "9"]
[EventCountry "CHN"]
[SourceTitle "EXT 2021"]
[Source "ChessBase"]
[SourceDate "2020.10.23"]
[SourceVersion "1"]
[SourceVersionDate "2020.10.23"]
[SourceQuality "1"]

1. d4 d5 2. Bf4 Nf6 3. e3 e6 4. Nf3 c5 5. c4 cxd4 6. Qxd4 Nc6 7. Qd1 Bb4+ 8. Nbd2 0-0 9. a3 Bd6 10. Bg5 Ne5 11. cxd5 exd5 12. Be2 Bf5 13. 0-0 h6 14. Bh4 Ng6 15. Bg3 Rc8 16. Bxd6 Qxd6 17. Nd4 Ne7 18. Nxf5 Nxf5 19. Rc1 Qe5 20. b3 Nd6 21. Rxc8 Rxc8 22. Qa1 Qf5 23. Nf3 Nde4 24. Nd4 Qe5 25. Rc1 Re8 26. Rc2 Nxf2 27. Kxf2 Qxe3+ 28. Kf1 Ne4 29. Bb5 Re5 30. Nf3 Rf5 31. Qc1 Qxb3 32. Rb2 Qc3 33. Qxc3 Nxc3 34. Bd3 Ne4 35. Rxb7 g5 36. Ke2 g4 37. Bxe4 dxe4 38. Nd2 Ra5 39. Rb3 f5 40. Ke3 Rc5 41. Rb8+ Kf7 42. Rb7+ Kf6 43. Rxa7 Rc3+ 44. Ke2 e3 45. Ra6+ Ke5 46. Nf1 f4 47. Ra5+ Ke4 48. Ra4+ Ke5 49. Ra5+ Kf6 50. Ra6+ Ke5 51. Ra5+ Kf6 52. Nxe3 Rxe3+ 53. Kf2 Rb3 54. Ra6+ Kg5 55. Ra5+ Kf6 56. Ra6+ Kf5 57. Ra5+ Ke4 58. Ra4+ Ke5 59. Ra5+ Ke6 60. Ra4 Rb2+ 61. Ke1 Ke5 62. Kf1 Ra2 63. Kg1 h5 64. Kf1 h4 65. Kg1 g3 66. hxg3 hxg3 67. Kf1 Kf5 68. Ra8 Ra1+ 69. Ke2 Rg1 70. Kf3 Rf1+ 71. Ke2 Rf2+ 72. Ke1 Rxg2 73. a4 Kg4 1-0

[Event "Asia-chT Cup U14"]
[Site "Jiaxing"]
[Date "2016.11.07"]
[Round "2.2"]
[White "Derakhshani, Borna"]
[Black "Goh, Sean Christian"]
[Result "1-0"]
[WhiteElo "2229"]
[BlackElo "1949"]
[PlyCount "151"]
[EventDate "2016.11.06"]
[EventType "swiss"]
[EventRounds "9"]
[EventCountry "CHN"]
[SourceTitle "EXT 2021"]
[Source "ChessBase"]
[SourceDate "2020.10.23"]
[SourceVersion "1"]
[SourceVersionDate "2020.10.23"]
[SourceQuality "1"]

1. e4 c5 2. Nf3 Nc6 3. d4 cxd4 4. Nxd4 g6 5. Nc3 Bg7 6. Nxc6 bxc6 7. Bc4 d6 8. Qf3 Nf6 9. e5 dxe5 10. Qxc6+ Bd7 11. Qa6 0-0 12. 0-0 Qc7 13. Nd5 Nxd5 14. Bxd5 Rab8 15. Qc4 Qb6 16. Rd1 Bf5 17. Qe2 Rfd8 18. Bb3 Rxd1+ 19. Qxd1 Rd8 20. Qe2 Qd4 21. c3 Bg4 22. Qe1 Qd7 23. Be3 e4 24. h3 Bh5 25. Qf1 g5 26. g4 Bg6 27. Rd1 Qc7 28. Rxd8+ Qxd8 29. Bxg5 h5 30. Qd1 Qc7 31. gxh5 Bf5 32. Qd5 e6 33. Qd8+ Qxd8 34. Bxd8 Bxh3 35. Bc7 Bf8 36. Bb8 Bc5 37. Bf4 Kh7 38. Bc2 Bf5 39. b4 Be7 40. Be3 a6 41. Bb3 Bg4 42. Bc4 Bxh5 43. Bxa6 e5 44. Bc8 Kg6 45. b5 Be2 46. b6 Bd6 47. a4 f5 48. Bd7 f4 49. Bc1 Kf6 50. b7 Bb8 51. Ba3 Ba6 52. Bc6 e3 53. fxe3 fxe3 54. Bc5 e2 55. Kf2 Ke6 56. Ke1 Bc7 57. Bf3 Ba5 58. Bb4 Bc7 59. Bxe2 Bxb7 60. Kd2 Bb6 61. c4 Kd7 62. Bg4+ Kc7 63. c5 Ba7 64. Ba5+ Kb8 65. Bb6 Bd5 66. a5 Bxb6 67. cxb6 Kb7 68. Kc3 Bg2 69. Be2 Kc6 70. Kb4 Be4 71. Bb5+ Kb7 72. Kc5 Bf3 73. a6+ Kc8 74. Bc6 Be2 75. a7 Kd8 76. Kd6 1-0

[Event "Asia-chT Cup U14"]
[Site "Jiaxing"]
[Date "2016.11.07"]
[Round "3.6"]
[White "Goh, Sean Christian"]
[Black "Zuo, Yifan"]
[Result "0-1"]
[WhiteElo "1949"]
[BlackElo "1919"]
[PlyCount "60"]
[EventDate "2016.11.06"]
[EventType "swiss"]
[EventRounds "9"]
[EventCountry "CHN"]
[SourceTitle "EXT 2021"]
[Source "ChessBase"]
[SourceDate "2020.10.23"]
[SourceVersion "1"]
[SourceVersionDate "2020.10.23"]
[SourceQuality "1"]

1. d4 Nf6 2. Bg5 g6 3. Bxf6 exf6 4. e3 Bg7 5. Bd3 f5 6. Nf3 d6 7. Nbd2 Nd7 8. c3 0-0 9. Qc2 Nf6 10. 0-0-0 Rb8 11. e4 fxe4 12. Nxe4 Nxe4 13. Bxe4 d5 14. Bd3 Bg4 15. Be2 Qd6 16. h3 Bd7 17. Kb1 a5 18. Nd2 b6 19. Bd3 c5 20. dxc5 bxc5 21. Bf1 Qf6 22. g4 Qxf2 23. Nb3 Qe3 24. Rd3 Qe7 25. Nxa5 Rb5 26. b4 Rxa5 27. bxa5 Rb8+ 28. Kc1 Qe1+ 29. Qd1 Bh6+ 30. Kc2 Ba4# 0-1

[Event "Asia-chT Cup U14"]
[Site "Jiaxing"]
[Date "2016.11.06"]
[Round "1.27"]
[White "Aishath, Himya Ibrahim Mujah"]
[Black "Goh, Sean Christian"]
[Result "0-1"]
[WhiteElo "1019"]
[BlackElo "1949"]
[PlyCount "48"]
[EventDate "2016.11.06"]
[EventType "swiss"]
[EventRounds "9"]
[EventCountry "CHN"]
[SourceTitle "EXT 2021"]
[Source "ChessBase"]
[SourceDate "2020.10.23"]
[SourceVersion "1"]
[SourceVersionDate "2020.10.23"]
[SourceQuality "1"]

1. e4 c5 2. Nf3 e6 3. d4 cxd4 4. Nxd4 Nc6 5. Nxc6 bxc6 6. e5 Qa5+ 7. c3 Qxe5+ 8. Be2 d5 9. 0-0 Nf6 10. Be3 Qc7 11. c4 Bd6 12. Qd4 Bxh2+ 13. Kh1 Be5 14. Qd2 Ne4 15. Qb4 Rb8 16. Qa3 Bxb2 17. Bxa7 Bxa3 18. Bxb8 Qxb8 19. Nxa3 Qb2 20. Bd3 Nxf2+ 21. Kg1 Nxd3 22. g3 e5 23. cxd5 Bh3 24. dxc6 Qg2# 0-1

[Event "New South Wales op"]
[Site "Sydney"]
[Date "2016.06.12"]
[Round "4"]
[White "O'Chee, Kevin"]
[Black "Goh, Sean Christian"]
[Result "1-0"]
[WhiteElo "2085"]
[BlackElo "1918"]
[PlyCount "93"]
[EventDate "2016.06.11"]
[EventType "swiss"]
[EventRounds "7"]
[EventCountry "AUS"]
[SourceTitle "CBM 172 Extra"]
[Source "ChessBase"]
[SourceDate "2016.06.21"]
[SourceVersion "1"]
[SourceVersionDate "2016.06.21"]
[SourceQuality "1"]

1. e4 c5 2. Nf3 Nc6 3. d4 cxd4 4. Nxd4 g6 5. Nc3 Bg7 6. Be3 Nf6 7. Be2 0-0 8. Nb3 d6 9. f4 Be6 10. g4 d5 11. f5 Bc8 12. exd5 Nb4 13. Bf3 gxf5 14. a3 fxg4 15. Bg2 Nfxd5 16. Nxd5 Nxd5 17. Bxd5 Bxb2 18. 0-0 Qc7 19. Rb1 Bg7 20. Qe2 Qe5 21. Rbd1 e6 22. Bc4 f5 23. Qf2 b5 24. Bd4 Qe4 25. Bxg7 Kxg7 26. Bxb5 a6 27. Nc5 Qe5 28. Rfe1 Qf6 29. Bc6 Rb8 30. Bd7 Rf7 31. Nxe6+ Kg8 32. Qa7 Rxd7 33. Rxd7 Bxd7 34. Qxb8+ Kf7 35. Qf8+ Kg6 36. Qxf6+ Kxf6 37. Nc5 Bb5 38. Re6+ Kg5 39. Nxa6 h5 40. Nc5 h4 41. a4 Bc4 42. a5 g3 43. hxg3 hxg3 44. Re8 Kg4 45. a6 f4 46. a7 f3 47. Nd3 1-0

[Event "New South Wales op"]
[Site "Sydney"]
[Date "2016.06.11"]
[Round "2"]
[White "Zhao, Zong Yuan"]
[Black "Goh, Sean Christian"]
[Result "1-0"]
[WhiteElo "2541"]
[BlackElo "1918"]
[PlyCount "103"]
[EventDate "2016.06.11"]
[EventType "swiss"]
[EventRounds "7"]
[EventCountry "AUS"]
[SourceTitle "CBM 172 Extra"]
[Source "ChessBase"]
[SourceDate "2016.06.21"]
[SourceVersion "1"]
[SourceVersionDate "2016.06.21"]
[SourceQuality "1"]

1. d4 d5 2. c4 e6 3. Nc3 Nf6 4. cxd5 exd5 5. Bg5 Be6 6. e3 Be7 7. Bd3 c6 8. Nge2 Nbd7 9. 0-0 h6 10. Bh4 0-0 11. f3 c5 12. Qd2 Rc8 13. Rad1 cxd4 14. Nxd4 Ne5 15. Bb1 Nc4 16. Qc2 Nxe3 17. Qd3 Nxd1 18. Bxf6 g6 19. Nxe6 Qb6+ 20. Bd4 Qxe6 21. Rxd1 b6 22. a3 Rc4 23. Bf2 Bc5 24. Qxd5 Qxd5 25. Nxd5 Bxf2+ 26. Kxf2 Kg7 27. Nc3 Rfc8 28. Be4 R4c5 29. g4 h5 30. h4 hxg4 31. fxg4 Re8 32. Kf3 Rh8 33. Rd7 Rhc8 34. Rxa7 R8c7 35. Ra6 f5 36. gxf5 gxf5 37. Bd5 b5 38. h5 Rd7 39. Rg6+ Kh7 40. Bg8+ Kh8 41. Be6 Rd3+ 42. Kf4 Rd4+ 43. Kg5 Rg4+ 44. Kf6 Rxg6+ 45. hxg6 Rc7 46. Nd5 Rg7 47. Bf7 b4 48. Kxf5 bxa3 49. bxa3 Rxf7+ 50. gxf7 Kg7 51. Ke6 Kf8 52. a4 1-0

[Event "Penang op 7th"]
[Site "Penang"]
[Date "2015.12.12"]
[Round "9"]
[White "Goh, Sean Christian"]
[Black "Kebbedies, Frank"]
[Result "1/2-1/2"]
[WhiteElo "1573"]
[BlackElo "1797"]
[PlyCount "126"]
[EventDate "2015.12.07"]
[EventType "swiss"]
[EventRounds "9"]
[EventCountry "MAS"]
[SourceTitle "CBM 169 Extra"]
[Source "ChessBase"]
[SourceDate "2015.12.18"]
[SourceVersion "1"]
[SourceVersionDate "2015.12.18"]
[SourceQuality "1"]

1. e4 e5 2. Nf3 Nc6 3. Bc4 Bc5 4. c3 Nf6 5. d3 d6 6. h3 a6 7. Bb3 0-0 8. 0-0 h6 9. Bc2 Ba7 10. d4 Re8 11. Re1 b5 12. d5 Ne7 13. Be3 Bxe3 14. Rxe3 Ng6 15. a4 Bb7 16. axb5 axb5 17. Rxa8 Qxa8 18. Na3 c6 19. dxc6 Bxc6 20. Qxd6 Bxe4 21. Bxe4 Nxe4 22. Qb4 f5 23. Qxb5 Kh7 24. Qe2 Nf4 25. Qc2 Qd5 26. c4 Qd6 27. Nb5 Qg6 28. Ne1 Rd8 29. Rxe4 fxe4 30. Kh2 Ne6 31. Nc3 Rd4 32. Ne2 Rd3 33. Nc3 Rd4 34. Ne2 Rd3 35. Nc3 Rd4 36. Ne2 Rd8 37. Ng3 Nd4 38. Qxe4 Qxe4 39. Nxe4 Rc8 40. c5 Rb8 41. Nd3 Nc6 42. f3 Rb3 43. Nc3 Nb4 44. Nxe5 Rxb2 45. Ne4 Rc2 46. Kg3 Kg8 47. Kf4 Rxg2 48. Kf5 Rh2 49. h4 Rxh4 50. c6 Rh1 51. Ke6 Rc1 52. Kd6 Nxc6 53. Nxc6 h5 54. Ne5 h4 55. Nf2 Rc2 56. Ned3 Rd2 57. Ke5 g5 58. Ke4 Re2+ 59. Kf5 h3 60. Nxh3 Re3 61. Ne5 g4 62. Nxg4 Rxf3+ 63. Nf4 Rxf4+ 1/2-1/2